Early greek philosophy.
Guardat en:
| Autor principal: | |
|---|---|
| Format: | Llibre |
| Publicat: |
Middlesex, England:
Penguin Books,
1987.
|
| Col·lecció: | Penguin Classics
|
| Matèries: | |
| Etiquetes: |
Afegir etiqueta
Sense etiquetes, Sigues el primer a etiquetar aquest registre!
|
MARC
| LEADER | 00000nam a22000007a 4500 | ||
|---|---|---|---|
| 003 | CL-VaPUC | ||
| 005 | 20230330095241.0 | ||
| 008 | 230316t1987 ||||| |||| 00| 0 eng d | ||
| 999 | |c 440183 |d 440181 | ||
| 020 | |a 0-14-044461-0 | ||
| 040 | |c Pontificia Universidad Católica de Valparaíso | ||
| 082 | 0 | 4 | |2 21 |a 182 BAR 1987 |
| 100 | 1 | |a Barnes, Jonathan |e author |9 880752 | |
| 245 | 1 | 0 | |a Early greek philosophy. |
| 260 | |a Middlesex, England: |b Penguin Books, |c 1987. | ||
| 300 | |a 318 páginas. | ||
| 490 | 0 | |a Penguin Classics | |
| 500 | |a c.1 Donación Literatura. Memo 3/2023. Educación | ||
| 583 | |c 20230316 |k Catalogador Asistente | ||
| 650 | 0 | |a Filosofía griega |9 265579 | |
| 650 | 0 | |a Filosofía presocrática |x Filosofía antigua |9 870106 | |
| 942 | |2 ddc |c BK | ||
| 952 | |0 0 |1 0 |2 ddc |4 0 |6 182_000000000000000_BAR_1987 |7 0 |8 A |9 589117 |a FDOPOS |b FDOPOS |d 2023-03-16 |e Donación |i 5656811 |o 182 BAR 1987 |p 5656811 |r 2023-03-16 |t 1 |w 2023-03-16 |y BK |k DLH | ||